Word Ladder: Spain Chain Quiz Stats

 Plays Quiz Updated Nov 11, 2015

Score 0/24 Timer 03:00
1 Play Today
Hint 4-Letter Word % Correct
● House, in Spanish ●●CASA●
97.2%
● Hello, in Spanish ●●HOLA●
96.9%
● Three, in Spanish ●●TRES●
95%
Unicorn's featureHORN
94.8%
Hawaiian danceHULA
94.1%
● Hour, in Spanish ●●HORA●
93.8%
● Crazy, in Spanish ●●LOCO●
93.7%
Actors in a playCAST
93.1%
Ice hockey diskPUCK
93%
Green superheroHULK
92.5%
PriceCOST
92.4%
Glass camera partLENS
92%
Hint 4-Letter Word % Correct
DollarBUCK
90.6%
Cards below jacksTENS
89.6%
Ship's destinationPORT
89.5%
Building block companyLEGO
89.4%
Former Tonight Show hostLENO
88.7%
Mass quantityBULK
88.4%
● Little bit, in Spanish ●●POCO●
88.3%
Golfing aidsTEES
88.1%
Brand IDLOGO
87.1%
NSFW materialPORN
86.6%
Pole, stakePOST
86.4%
Mark on skinPOCK
84.3%

Today's Daily Dose

You're not logged in!

Compare scores with friends on all Sporcle quizzes.
OR
Log In

Show Comments

Extras

Top Quizzes Today


Score Distribution

Your Account Isn't Verified!

In order to create a playlist on Sporcle, you need to verify the email address you used during registration. Go to your Sporcle Settings to finish the process.

Report this User

Report this user for behavior that violates our Community Guidelines.

Details: